The development of program links presentation of operating system in the state space; Современные техника и технологии; Т. 2

Dettagli Bibliografici
Parent link:Современные техника и технологии: сборник трудов XIX международной научно-практической конференции студентов, аспирантов и молодых ученых, Томск, 15-19 апреля 2013 г./ Национальный исследовательский Томский политехнический университет (ТПУ).— , 2013
Т. 2.— 2013.— [С. 453-454]
Autore principale: Sidelev Petr V.
Ente Autore: Национальный исследовательский Томский политехнический университет
Altri autori: Mikhalevich S. S. Sergey Sergeevich (научный консультант)
Riassunto:Заглавие с титульного экрана
Lingua:inglese
Pubblicazione: 2013
Serie:Informatics and control in engineering systems
Soggetti:
Accesso online:http://www.lib.tpu.ru/fulltext/c/2013/C01/V2/222.pdf
Natura: MixedMaterials Elettronico Capitolo di libro
KOHA link:https://koha.lib.tpu.ru/cgi-bin/koha/opac-detail.pl?biblionumber=243858

MARC

LEADER 00000naa2a2200000 4500
001 243858
005 20260224134243.0
035 |a (RuTPU)RU\TPU\book\265212 
035 |a RU\TPU\book\265210 
090 |a 243858 
100 |a 20131008d2013 k y0rusy50 ba 
101 0 |a eng 
102 |a RU 
135 |a drnn ---uucaa 
200 1 |a The development of program links presentation of operating system in the state space  |f Petr V. Sidelev, Sergey S. Mikhalevich  |g sci. adv. Sergey S. Mikhalevich 
203 |a Text  |c electronic 
225 1 |a Informatics and control in engineering systems 
300 |a Заглавие с титульного экрана 
320 |a [Библиогр.: с. 454 (4 назв.)] 
337 |a Adobe Reader 
461 1 |0 (RuTPU)RU\TPU\book\263794  |t Современные техника и технологии  |o сборник трудов XIX международной научно-практической конференции студентов, аспирантов и молодых ученых, Томск, 15-19 апреля 2013 г.  |o в 3 т.  |f Национальный исследовательский Томский политехнический университет (ТПУ)   |d 2013 
463 1 |0 (RuTPU)RU\TPU\book\263797  |t Т. 2  |v [С. 453-454]  |d 2013 
610 1 |a труды учёных ТПУ 
610 1 |a электронный ресурс 
700 1 |a Sidelev  |b Petr V. 
701 1 |a Mikhalevich  |b S. S.  |c specialist in the field of automatic control  |c Engineer-designer of Tomsk Polytechnic University  |f 1988-  |g Sergey Sergeevich  |3 (RuTPU)RU\TPU\pers\31381 
702 1 |a Mikhalevich  |b S. S.  |c specialist in the field of automatic control  |c Engineer-designer of Tomsk Polytechnic University  |f 1988-  |g Sergey Sergeevich  |3 (RuTPU)RU\TPU\pers\31381  |4 695 
712 0 2 |a Национальный исследовательский Томский политехнический университет  |c (2009- )  |9 26305 
801 2 |a RU  |b 63413507  |c 20220316  |g RCR 
856 4 |u http://www.lib.tpu.ru/fulltext/c/2013/C01/V2/222.pdf 
942 |c CF